书目信息 |
| 题名: |
晶体缺陷
|
|
| 作者: | 亨德森 , Henderson 著 ;范印哲 译 | |
| 分册: | ||
| 出版信息: | 北京 高等教育出版社 1983 |
|
| 页数: | 236页 | |
| 开本: | 21cm | |
| 丛书名: | 固体的结构和性质丛书 | |
| 单 册: | ||
| 中图分类: | O77 | |
| 科图分类: | ||
| 主题词: | 晶体缺陷 | |
| 电子资源: | ||
| ISBN: | ||
| 000 | 00976nam2 2200313 45 | |
| 001 | 0183006316 | |
| 005 | 20040520112500.8 | |
| 010 | @dCNY1.45 | |
| 091 | @a13010.0950 | |
| 100 | @a19950623d1983 emky0chiy0121 ea | |
| 101 | 1 | @achi@ceng |
| 102 | @aCN@b110000 | |
| 105 | @ay z000yy | |
| 106 | @ar | |
| 200 | 10 | @a晶体缺陷@Ajing ti que xian@f(英)亨德森(B.Henderson)著@g范印哲译 |
| 210 | @a北京@c高等教育出版社@d1983@h1984 | |
| 215 | @a236页@d21cm | |
| 225 | 2 | @a固体的结构和性质丛书 |
| 300 | @a书名原文:Defects in Crystalline Sollds.-The Structures and Pro-perties of Sollds,-Edward Arnold Ltd. London, 1972 | |
| 410 | 0 | @120010@a固体的结构和性质丛书 |
| 510 | 1 | @aDefects in Crystalline Sollds@zeng |
| 606 | @a晶体缺陷 | |
| 690 | @aO77@v3 | |
| 701 | 1 | @a亨德森@Aheng de sen@bB.@4著 |
| 701 | A1 | @aHenderson@bB.@4著 |
| 702 | 0 | @a范印哲@Afan yin zhe@4译 |
| 801 | 0 | @aCN@b上海图书馆@c20040520 |
| 801 | 2 | @aCN@bNLC@c20040520 |
| 905 | @f1@b123961@dO77@e3 | |
| 晶体缺陷/(英)亨德森(B.Henderson)著/范印哲译.-北京:高等教育出版社,1983(1984) |
| 236页;21cm.-(固体的结构和性质丛书) |
| 书名原文:Defects in Crystalline Sollds.-The Structures and Pro-perties of Sollds,-Edward Arnold Ltd. London, 1972 |
| ISBN :CNY1.45 |
| ● |
| 相关链接 |
|
|
|
|
正题名:晶体缺陷
索取号:O77/3
 
预约/预借
| 序号 | 登录号 | 条形码 | 馆藏地/架位号 | 状态 | 备注 |
| 1 | 0123961 | 000627343 | 第三借阅区/ [索取号:O77/3] | 在馆 | |
| 2 | 0123962 | 202101778 | 第二样本阅览室/ [索取号:O77/3] | 在馆 |